Bilancia AC strát supravodivého vinutia modelu synchrónneho točivého stroja s permanentným magnetom

Guardado en:
Detalles Bibliográficos
Autor principal: Klučka, Marcel, 1987- (Autor)
Otros Autores: Vlnka, Ján, 1953- (Orientador)
Formato: Manuscrito Libro
Lenguaje:eslovaco
Publicado: Bratislava : STU v Bratislave SjF, 2012
Materias:
Acceso en línea:VAIS
Etiquetas: Agregar Etiqueta
Sin Etiquetas, Sea el primero en etiquetar este registro!

MARC

LEADER 00000ntm a22000003a 4500
001 stu263968
005 20150617230220.3
008 130313s2012----xo------------------slo-d
040 |a STU  |b slo 
041 0 |a slo 
044 |a xo 
100 1 |a Klučka, Marcel,  |d 1987-  |4 aut  |u J  |T SjF Strojnícka fakulta  |X 45106  |U J  |Y 20  |7 A000045106 
242 0 0 |a AC loss balance of a synchronous rotating machine with permanent magnet and superconducting windings.  |y eng 
245 1 |a Bilancia AC strát supravodivého vinutia modelu synchrónneho točivého stroja s permanentným magnetom 
260 |a Bratislava :  |b STU v Bratislave SjF,  |c 2012 
650 7 |a mechatronika  |2 stusub 
650 7 |a Mechatronics  |2 estusub 
700 1 |a Vlnka, Ján,  |d 1953-  |4 ths  |u J0020  |U SjF Strojnícka fakulta  |T SjF Ústav automatizácie, merania a aplikovanej informatiky  |X 2405  |U J0020  |Y 802  |7 A000002405 
856 4 |a info a plný text  |u http://is.stuba.sk/zp/portal_zp.pl?podrobnosti=86325  |3 VAIS